Statistics for Top 10 Biggest Economies in the Americas

Click here to take the quiz!

General Stats

  • This quiz has been taken 71,627 times
    (45,161 since last reset)
  • The average score is 9 of 10

Answer Stats

GDPCountry% Correct
25.4 TUnited States
100%
3.68 TBrazil
99%
2.24 TCanada
99%
2.89 TMexico
99%
1.20 TArgentina
98%
568 BChile
96%
941 BColombia
95%
514 BPeru
93%
228 BEcuador
82%
255 BDominican Republic
61%

Score Distribution

Percentile by Number Answered

Percent of People with Each Score

Your Score History

You have not taken this quiz since the last reset